00396nam a2200157Ia 45000010006000000050017000060080041000230410008000640820017000721000040000892450056001292600009001853000028001946500008002226540008002301071920260306161853.0260306t2014||||xx |||||||||||||| ||spa|| aESP a946.092bP59 aPinto-Bazvrco Rittler, ErnestoeAUT 0aIsabel de los mares, primera embajadora de Améica c2014 a372 páginas :c24 cm. aGEN aCHU